| 000 | 01146nam a22002657a 4500 | ||
|---|---|---|---|
| 999 |
_c20586 _d20586 |
||
| 005 | 20191112114956.0 | ||
| 008 | 191112b xxu||||| |||| 00| 0 spa d | ||
| 020 | _a9789585696600 | ||
| 040 |
_aCO-BoIAVH _cCO-BoIAVH |
||
| 041 | _aspa | ||
| 044 | _ack | ||
| 082 |
_a333.75068 _bC29r |
||
| 110 | _aCorporación Agroambiental del trópico (CATRÓPICO) | ||
| 245 | _aRepoblamiento con especies forestales nativas de importancia comercial, ecológica ambiental y social en bosques húmedos tropicales (bh-T) del departamento del chocó. | ||
| 260 |
_aChocó: _bUniversidad Tecnológica del Chocó, _c2018. |
||
| 300 |
_a78 Páginas: _bfotografías, tablas y mapas, _c24 x 16 cm. |
||
| 490 | _aProyecto Aplicación de la CTel para el mejoramiento del sector maderero en el departamento del Chocó. | ||
| 500 | _aIncluye anexos y referencias bibliográficas. | ||
| 650 | 0 |
_aEstrategias de restauración _zColombia |
|
| 650 | 0 | _aEspecies forestales | |
| 650 | 0 | _aBosques Húmedos tropicales | |
| 650 | 0 | _aPreservación del hábitat | |
| 856 | _uhttps://www.utch.edu.co/portal/es/ | ||
| 942 |
_2ddc _cLIBRO |
||